000 00781nam a2200217 a 4500
003 0
005 20250306083049.0
008 090707s19uu xx 00 eng d
050 _aPGS LC 225
_b.L477 2009
100 _aLee, On You.
245 _aParental guidance and learning motivation /
_cOn You Lee.
260 _aLas PiƱas City, Philippines :
_bSouthville International School and Colleges,
_c2009.
300 _a33 pages :
_billustrations ;
_c28 cm.
504 _aIncludes bibliographical references.
650 _aMotivation in education.
650 _aParental influence on academic achievement.
650 _aParent and child
_vEducation.
650 _aLearning
_vPsychological aspects.
650 _aStudy skills
_vParental guidance.
942 _2lcc
_cPASS
999 _c98197
_d98197